ՀՀ Գիտությունների ազգային ակադեմիայի հիմնարար գիտական գրադարան  =   Fundamental Scientific Library of NAS RA

Ուղեցույց Եղիշե Չարենցի անվան գրականության և արվեստի թանգարանի կինոարվեստի ֆոնդերի / (Record no. 529305)

MARC details
000 -LEADER
fixed length control field 01195nam a2200241 a 4500
001 - CONTROL NUMBER
control field 1833354
003 - CONTROL NUMBER IDENTIFIER
control field AM-YEHGA
005 - DATE AND TIME OF LATEST TRANSACTION
control field 20250617164756.0
008 - FIXED-LENGTH DATA ELEMENTS--GENERAL INFORMATION
fixed length control field 220505s2018 ai a||||||||||||||0|arm|d
020 ## - INTERNATIONAL STANDARD BOOK NUMBER
International Standard Book Number 9789939108087
040 ## - CATALOGING SOURCE
Original cataloging agency AM-YeHGA
041 0# - LANGUAGE CODE
Language code of text/sound track or separate title arm
090 ## - LOCALLY ASSIGNED LC-TYPE CALL NUMBER (OCLC); LOCAL CALL NUMBER (RLIN)
-- 567698
110 2# - MAIN ENTRY--CORPORATE NAME
Corporate name or jurisdiction name as entry element Գրականության և արվեստի թանգարան Ե. Չարենցի անվան
245 10 - TITLE STATEMENT
Title Ուղեցույց Եղիշե Չարենցի անվան գրականության և արվեստի թանգարանի կինոարվեստի ֆոնդերի /
Statement of responsibility, etc. Կազմ.՝ Օֆելյա Այվազյան ; խմբ.՝ Գուրգեն Գասպարյան ; Եղիշե Չարենցի անվան գրականության և արվեստի թանգարան
260 ## - PUBLICATION, DISTRIBUTION, ETC.
Place of publication, distribution, etc. Երևան :
Name of publisher, distributor, etc. «Էդիթ պրինտ»,
Date of publication, distribution, etc. 2018.
300 ## - PHYSICAL DESCRIPTION
Extent 240 էջ ;
Other physical details դիմանկ.,
Dimensions 20 սմ.
650 14 - SUBJECT ADDED ENTRY--TOPICAL TERM
Topical term or geographic name entry element Թանգարանային ուղեցույցներ
700 1# - ADDED ENTRY--PERSONAL NAME
Personal name Այվազյան, Օֆելյա
Relator term կազմ.
-- առաջ. հեղ.
Relationship com.
-- aui.
700 1# - ADDED ENTRY--PERSONAL NAME
Personal name Գասպարյան, Գուրգեն
Relator term խմբ.
-- ձևավոր.
Relationship edit.
-- dsr.
700 1# - ADDED ENTRY--PERSONAL NAME
Personal name Ասլանյան, Արփինե
Relator term սրբագ.
Relationship pfr.
942 ## - ADDED ENTRY ELEMENTS (KOHA)
Source of classification or shelving scheme Universal Decimal Classification
Koha item type Գրքեր / Books
Holdings
Withdrawn status Lost status Source of classification or shelving scheme Damaged status Not for loan Collection Home library Current library Date acquired Total checkouts Full call number Barcode Date last seen Price effective from Koha item type Public note
    Universal Decimal Classification     General Fundamental Scientific Library Fundamental Scientific Library 08/01/2024   AII/111231 FL0681692 08/01/2024 08/01/2024 Գրքեր / Books 30 Days Loan
    Universal Decimal Classification     General Fundamental Scientific Library Fundamental Scientific Library 08/01/2024   AII/111232 FL0681693 08/01/2024 08/01/2024 Գրքեր / Books 30 Days Loan


ՀՀ ԳԱԱ հիմնարար գիտական գրադարան
ՀՀ,Երևան 0019
Մարշալ Բաղրամյան 24/6
հեռախոս:(374-10) 52-47-50
Հետադարձ կապ

All site content, except where otherwise noted, is licensed under a
Creative Commons License